[Event "CRO-chT (Women) 31st"]
[Site "Veli Losinj"]
[Date "2023.10.15"]
[Round "6.2"]
[White "Spiranec, Noemi"]
[Black "Kejzar, Petra"]
[Result "0-1"]
[WhiteElo "2040"]
[BlackElo "1986"]
[PlyCount "58"]
[EventDate "2023.10.11"]
[EventType "team-tourn"]
[EventRounds "9"]
[EventCountry "CRO"]
[SourceTitle "Mega2024 Update 01"]
[Source "Chessbase"]
[SourceDate "2023.11.12"]
[SourceVersion "1"]
[SourceVersionDate "2023.11.12"]
[SourceQuality "1"]
[WhiteTeam "Zagreb Mladost (W)"]
[BlackTeam "Busevec Polet (W)"]
[WhiteTeamCountry "CRO"]
[BlackTeamCountry "CRO"]

1. d4 Nf6 2. c4 e6 3. g3 d5 4. Bg2 Bb4+ 5. Bd2 a5 6. Nf3 0-0 7. a3 Be7 8. 0-0 dxc4 9. Qc2 b5 10. Nc3 c6 11. e4 Ba6 12. Rfd1 Nbd7 13. Bf4 b4 14. axb4 axb4 15. Ne2 c3 16. bxc3 b3 17. Qb2 Nxe4 18. Re1 Bc4 19. Ne5 Nxe5 20. Bxe5 f5 21. f3 Nd6 22. Bf1 Qb6 23. Nf4 Bxf1 24. Rxf1 Nc4 25. Qe2 Rxa1 26. Rxa1 Na3 27. Bxg7 b2 28. Qxe6+ Rf7 29. Qc8+ Qd8 0-1

[Event "Titled Tuesday intern op 23rd Aug Early"]
[Site "Chess.com INT"]
[Date "2022.08.23"]
[Round "6"]
[White "Spiranec, Noemi"]
[Black "Thiel, Thomas"]
[Result "1-0"]
[WhiteElo "2051"]
[BlackElo "2230"]
[PlyCount "60"]
[EventDate "2022.08.23"]
[EventType "swiss (blitz)"]
[EventRounds "11"]
[EventCountry "USA"]
[SourceTitle "EXT 2023"]
[Source "ChessBase"]
[SourceDate "2022.10.05"]
[SourceVersion "1"]
[SourceVersionDate "2022.10.05"]
[SourceQuality "1"]

1. d4 Nf6 2. c4 g6 3. g3 c6 4. Bg2 d5 5. Qa4 dxc4 6. Qxc4 Bg7 7. Nf3 0-0 8. 0-0 Nbd7 9. e3 Nb6 10. Qe2 Re8 11. Rd1 Bf5 12. b3 a5 13. a4 Ne4 14. Bb2 Nd5 15. Nh4 Bf6 16. Nxf5 gxf5 17. f3 Nd6 18. e4 fxe4 19. fxe4 Qb6 20. exd5 cxd5 21. Kh1 Qxb3 22. Nc3 e6 23. Rab1 Rac8 24. Ba1 Qc4 25. Qg4+ Kf8 26. Qf4 Ke7 27. Nb5 Nxb5 28. Rxb5 Rc7 29. Rdb1 Qxa4 30. Rxb7 Rec8 1-0

[Event "CRO Cup"]
[Site "Vodice"]
[Date "2022.05.18"]
[Round "1.4"]
[White "Plenca, Jadranko"]
[Black "Spiranec, Noemi"]
[Result "1-0"]
[WhiteElo "2443"]
[BlackElo "2044"]
[PlyCount "75"]
[EventDate "2022.05.18"]
[EventType "team-swiss"]
[EventRounds "6"]
[EventCountry "CRO"]
[SourceTitle "CBM 208 Extra"]
[Source "ChessBase"]
[SourceDate "2022.07.31"]
[SourceVersion "1"]
[SourceVersionDate "2022.07.31"]
[SourceQuality "1"]
[WhiteTeam "Split Mornar"]
[BlackTeam "Varazdin"]
[WhiteTeamCountry "CRO"]
[BlackTeamCountry "CRO"]

1. e4 c5 2. Nf3 e6 3. g3 d5 4. exd5 exd5 5. d4 Nf6 6. Bg2 Be7 7. 0-0 0-0 8. dxc5 Bxc5 9. Nbd2 Bf5 10. Nb3 Be7 11. Be3 Qc8 12. Nfd4 Bh3 13. Re1 Bxg2 14. Kxg2 Nc6 15. Bg5 Re8 16. Qf3 Ne4 17. Bxe7 Nxe7 18. h4 Ng6 19. Re2 Ne5 20. Qf5 Nc4 21. Qxd5 Ned6 22. Rae1 Rd8 23. Re7 Nb6 24. Qf3 Qc4 25. Nf5 Nxf5 26. Qxf5 Qc6+ 27. Kg1 Rf8 28. c3 Nd5 29. R7e5 Nf6 30. Nd4 Qc4 31. a3 Rac8 32. Re7 Rc7 33. Qb5 Qxb5 34. Nxb5 Rxe7 35. Rxe7 a6 36. Nd6 b6 37. Rb7 Nd5 38. c4 1-0

[Event "CRO-chT (Women) 29th"]
[Site "Mali Losinj"]
[Date "2021.09.27"]
[Round "3.41"]
[White "Cvitan, Ena"]
[Black "Spiranec, Noemi"]
[Result "1-0"]
[WhiteElo "2284"]
[BlackElo "2074"]
[PlyCount "59"]
[EventDate "2021.09.25"]
[EventType "team-tourn"]
[EventRounds "9"]
[EventCountry "CRO"]
[SourceTitle "CBM 204 Extra"]
[Source "ChessBase"]
[SourceDate "2021.11.30"]
[SourceVersion "1"]
[SourceVersionDate "2021.11.30"]
[SourceQuality "1"]
[WhiteTeam "Rijeka Liburnija (W)"]
[BlackTeam "Djurdjevac Picok (W)"]
[WhiteTeamCountry "CRO"]
[BlackTeamCountry "CRO"]

1. d4 Nf6 2. c4 e6 3. Nf3 Bb4+ 4. Nbd2 0-0 5. a3 Bxd2+ 6. Bxd2 b6 7. Bg5 Bb7 8. e3 d6 9. Bd3 Nbd7 10. 0-0 c5 11. b4 Qc7 12. Bh4 e5 13. Be2 Rae8 14. d5 Ne4 15. Bd3 Nef6 16. Nd2 e4 17. Be2 b5 18. cxb5 Nxd5 19. Rc1 Qb8 20. Nc4 cxb4 21. axb4 Ne5 22. Qd4 Re6 23. Na5 Ba8 24. Bg3 Qb6 25. Nc6 Bxc6 26. bxc6 Nxb4 27. c7 Nec6 28. Qxb6 axb6 29. Bg4 Ree8 30. Bxd6 1-0

[Event "Mitropa Cup Online (Women)"]
[Site "Tornelo INT"]
[Date "2021.05.11"]
[Round "8.3"]
[White "Spiranec, Noemi"]
[Black "Terbe, Zsuzsanna"]
[Result "0-1"]
[WhiteElo "2098"]
[BlackElo "2186"]
[PlyCount "118"]
[EventDate "2021.05.04"]
[EventType "team-tourn"]
[EventRounds "9"]
[EventCountry "SUI"]
[SourceTitle "CBM 202 Extra"]
[Source "ChessBase"]
[SourceDate "2021.07.31"]
[SourceVersion "1"]
[SourceVersionDate "2021.07.31"]
[SourceQuality "1"]
[WhiteTeam "Croatia (W)"]
[BlackTeam "Hungary (W)"]
[WhiteTeamCountry "CRO"]
[BlackTeamCountry "HUN"]

1. d4 d5 2. c4 c6 3. Nf3 Nf6 4. e3 Bf5 5. Nc3 e6 6. Nh4 Bg6 7. Nxg6 hxg6 8. Qb3 Qc7 9. h3 Nbd7 10. Be2 Be7 11. Bd2 0-0 12. 0-0 Nb6 13. Rfc1 dxc4 14. Bxc4 Nxc4 15. Qxc4 Qd7 16. Rc2 Rac8 17. b4 Rfd8 18. Rac1 Qd6 19. Ne2 e5 20. dxe5 Qxe5 21. Bc3 Qd5 22. Bd4 a6 23. Nf4 Qxc4 24. Rxc4 Nd5 25. Nd3 Ra8 26. Rb1 Bd6 27. g3 Rd7 28. e4 Nc7 29. Be5 Bxe5 30. Nxe5 Re7 31. f4 Rd8 32. Rb2 g5 33. Re2 gxf4 34. gxf4 Ne6 35. Rf2 Nxf4 36. Nxc6 Nxh3+ 37. Kg2 Nxf2 38. Nxe7+ Kf8 39. Nf5 Nd3 40. a3 Nf4+ 41. Kf3 Ne6 42. Rc3 g6 43. Ne3 Nd4+ 44. Kg4 Nb5 45. Rb3 Rd4 46. Kf3 Rd2 47. Kg3 Nd4 48. Rb1 Re2 49. Nc4 Rxe4 50. Nd6 Re7 51. Rd1 Ne2+ 52. Kf3 Nc3 53. Rd3 Rd7 54. Rxc3 Rxd6 55. Rc7 b5 56. Ke4 Kg7 57. Ra7 Kf6 58. Kf4 g5+ 59. Ke4 Ke6 0-1

[Event "Mediterranean Flower (Women) 21st"]
[Site "Rijeka"]
[Date "2021.03.13"]
[Round "9"]
[White "Spiranec, Noemi"]
[Black "Kejzar, Petra"]
[Result "1/2-1/2"]
[WhiteElo "2077"]
[BlackElo "2043"]
[PlyCount "149"]
[EventDate "2021.03.07"]
[EventType "tourn"]
[EventRounds "9"]
[EventCountry "CRO"]
[SourceTitle "CBM 201 Extra"]
[Source "ChessBase"]
[SourceDate "2021.05.31"]
[SourceVersion "1"]
[SourceVersionDate "2021.05.31"]
[SourceQuality "1"]

1. d4 Nf6 2. c4 e6 3. g3 d5 4. Bg2 dxc4 5. Nf3 Bd7 6. 0-0 Bc6 7. Nbd2 h5 8. Nxc4 h4 9. Nce5 hxg3 10. hxg3 Bd6 11. Nxc6 Nxc6 12. Bg5 Qd7 13. Rc1 Nd5 14. e4 Nb6 15. a3 f6 16. e5 Be7 17. exf6 gxf6 18. Be3 Nd5 19. Re1 0-0-0 20. Qa4 Kb8 21. Qb3 Bd6 22. Nd2 Nce7 23. Ne4 Rdf8 24. Nc5 Bxc5 25. Rxc5 c6 26. a4 Rfg8 27. Bd2 f5 28. Qf3 Ka8 29. b4 Nf6 30. Qe3 Ng4 31. Qxe6 Qxd4 32. Qe2 Rh7 33. Bc3 Qd6 34. Qe6 Qxe6 35. Rxe6 f4 36. gxf4 Nd5 37. Bd2 Nxf2 38. Kxf2 Rh2 39. Kf3 Rhxg2 40. Be1 Rb2 41. Rc4 Rb3+ 42. Kf2 a6 43. Rce4 Ka7 44. Kf1 Rb1 45. Ke2 Rf8 46. Kf3 Rb3+ 47. Kg4 Nf6+ 48. Rxf6 Rxf6 49. Bf2+ Kb8 50. f5 Rf8 51. Bc5 Rg8+ 52. Kf4 Rb1 53. f6 Rf1+ 54. Ke5 Kc7 55. Ke6 Rg6 56. Be7 Rh6 57. Rg4 a5 58. bxa5 Re1+ 59. Kf7 Rh7+ 60. Kf8 Rh8+ 61. Rg8 Rh7 62. Rg7 Rxg7 63. fxg7 Rg1 64. g8Q Rxg8+ 65. Kxg8 Kb8 66. Bc5 Kc7 67. Kf7 Kb8 68. Ke6 Ka8 69. Kd6 Kb8 70. Kd7 Ka8 71. Be3 Kb8 72. Kd8 c5 73. Bxc5 Ka8 74. Kc8 b6 75. axb6 1/2-1/2

[Event "Mediterranean Flower (Women) 21st"]
[Site "Rijeka"]
[Date "2021.03.11"]
[Round "7"]
[White "Zimina, Olga"]
[Black "Spiranec, Noemi"]
[Result "1-0"]
[WhiteElo "2364"]
[BlackElo "2077"]
[PlyCount "57"]
[EventDate "2021.03.07"]
[EventType "tourn"]
[EventRounds "9"]
[EventCountry "CRO"]
[SourceTitle "CBM 201 Extra"]
[Source "ChessBase"]
[SourceDate "2021.05.31"]
[SourceVersion "1"]
[SourceVersionDate "2021.05.31"]
[SourceQuality "1"]

1. Nf3 Nf6 2. g3 e6 3. Bg2 d5 4. d4 b5 5. a4 b4 6. c4 bxc3 7. Nxc3 Be7 8. 0-0 0-0 9. Bf4 c5 10. Nb5 a6 11. Nc3 Nc6 12. dxc5 Bxc5 13. Ne5 Nxe5 14. Bxe5 Nd7 15. Bd4 Rb8 16. e4 dxe4 17. Nxe4 Bxd4 18. Qxd4 Qb6 19. Qxb6 Rxb6 20. Rfd1 Rxb2 21. Nd6 Nf6 22. Bf1 g6 23. a5 Ng4 24. h3 Ne5 25. Bg2 Bd7 26. Rac1 Ba4 27. Rd4 Rc2 28. Re1 Bc6 29. Rxe5 1-0

[Event "Mediterranean Flower (Women) 21st"]
[Site "Rijeka"]
[Date "2021.03.10"]
[Round "5"]
[White "Unuk, Laura"]
[Black "Spiranec, Noemi"]
[Result "0-1"]
[WhiteElo "2389"]
[BlackElo "2077"]
[PlyCount "94"]
[EventDate "2021.03.07"]
[EventType "tourn"]
[EventRounds "9"]
[EventCountry "CRO"]
[SourceTitle "CBM 201 Extra"]
[Source "ChessBase"]
[SourceDate "2021.05.31"]
[SourceVersion "1"]
[SourceVersionDate "2021.05.31"]
[SourceQuality "1"]

1. d4 Nf6 2. Bf4 e6 3. e3 c5 4. c3 d5 5. Nd2 Nc6 6. Ngf3 Bd6 7. Bg3 0-0 8. Bd3 b6 9. e4 Be7 10. e5 Nh5 11. Ng5 Bxg5 12. Qxh5 g6 13. Qe2 cxd4 14. h4 Bh6 15. h5 dxc3 16. bxc3 Bg7 17. Rc1 Qg5 18. Rh3 Nxe5 19. Bb5 Nc4 20. f4 Qe7 21. Nxc4 dxc4 22. Bxc4 Qa3 23. Qe3 e5 24. hxg6 hxg6 25. Rh4 exf4 26. Rxf4 Ba6 27. Bb3 Bb5 28. Kd1 Rad8+ 29. Rd4 Qc5 30. Bf2 Bxd4 31. cxd4 Qh5+ 32. Kc2 Rfe8 33. Qf4 Qf5+ 34. Qxf5 gxf5 35. Kb1 Re2 36. Bg1 Rxg2 37. d5 f4 38. Bd4 f3 39. Rh1 Bd3+ 40. Kc1 Rc8+ 41. Kd1 Bh7 42. d6 Rd8 43. Be5 f2 44. Ke2 Rg1 45. Bxf7+ Kf8 46. Rxh7 f1Q+ 47. Ke3 Qc1+ 0-1

[Event "Mediterranean Flower (Women) 21st"]
[Site "Rijeka"]
[Date "2021.03.09"]
[Round "3"]
[White "Radeva, Viktoria"]
[Black "Spiranec, Noemi"]
[Result "1-0"]
[WhiteElo "2313"]
[BlackElo "2077"]
[PlyCount "77"]
[EventDate "2021.03.07"]
[EventType "tourn"]
[EventRounds "9"]
[EventCountry "CRO"]
[SourceTitle "CBM 201 Extra"]
[Source "ChessBase"]
[SourceDate "2021.05.31"]
[SourceVersion "1"]
[SourceVersionDate "2021.05.31"]
[SourceQuality "1"]

1. e4 e5 2. Nf3 Nc6 3. Bc4 Bc5 4. d3 Nf6 5. 0-0 d6 6. c3 a6 7. a4 0-0 8. h3 h6 9. Re1 Re8 10. Nbd2 Be6 11. Bxe6 Rxe6 12. b4 Bb6 13. Nc4 d5 14. exd5 Qxd5 15. Be3 Bxe3 16. Nxe3 Qd7 17. b5 Na5 18. d4 exd4 19. Nxd4 Re5 20. Qf3 Rae8 21. Red1 Qc8 22. Nef5 Kh7 23. Rab1 axb5 24. axb5 Ne4 25. Ng3 Nxg3 26. Qxg3 c5 27. Nf3 Re2 28. Qd6 Qf5 29. Ra1 Nc4 30. Qc7 R8e7 31. Qg3 R7e6 32. Rd8 Re8 33. Raa8 Qb1+ 34. Kh2 Qxb5 35. Qf4 Nb6 36. c4 Nxc4 37. Qxf7 R2e7 38. Ng5+ hxg5 39. Qh5+ 1-0

[Event "Mediterranean Flower (Women) 21st"]
[Site "Rijeka"]
[Date "2021.03.09"]
[Round "4"]
[White "Spiranec, Noemi"]
[Black "Medic, Mirjana"]
[Result "1/2-1/2"]
[WhiteElo "2077"]
[BlackElo "2169"]
[PlyCount "20"]
[EventDate "2021.03.07"]
[EventType "tourn"]
[EventRounds "9"]
[EventCountry "CRO"]
[SourceTitle "CBM 201 Extra"]
[Source "ChessBase"]
[SourceDate "2021.05.31"]
[SourceVersion "1"]
[SourceVersionDate "2021.05.31"]
[SourceQuality "1"]

1. d4 d5 2. c4 e6 3. Nc3 Nf6 4. cxd5 exd5 5. Bg5 Be7 6. e3 c6 7. Bd3 Nbd7 8. Nge2 0-0 9. Qc2 Re8 10. 0-0 Nf8 1/2-1/2

[Event "Mediterranean Flower (Women) 20th"]
[Site "Rijeka"]
[Date "2020.03.06"]
[Round "8"]
[White "Vujnovic, Patricija"]
[Black "Spiranec, Noemi"]
[Result "1-0"]
[WhiteElo "2103"]
[BlackElo "2083"]
[PlyCount "83"]
[EventDate "2020.03.01"]
[EventType "tourn"]
[EventRounds "9"]
[EventCountry "CRO"]
[SourceTitle "CBM 195 Extra"]
[Source "ChessBase"]
[SourceDate "2020.05.31"]
[SourceVersion "1"]
[SourceVersionDate "2020.05.31"]
[SourceQuality "1"]

1. b3 e5 2. Bb2 Nc6 3. e3 Nf6 4. Bb5 d6 5. d4 exd4 6. Qxd4 a6 7. Bxc6+ bxc6 8. Nc3 c5 9. Qd2 Bb7 10. Nf3 Be7 11. 0-0-0 Qd7 12. e4 0-0-0 13. Rhe1 Rhe8 14. Ng5 Bf8 15. f3 h6 16. Nh3 Kb8 17. Nf4 Qc8 18. Na4 Nd7 19. Nd5 Ne5 20. Qf4 g5 21. Qg3 Nd7 22. Ne3 Nb6 23. Nxb6 cxb6 24. Nd5 Ka7 25. Bf6 Rd7 26. h4 gxh4 27. Qxh4 Re6 28. f4 Qa8 29. f5 Bxd5 30. Rxd5 Re8 31. Red1 Rc7 32. e5 dxe5 33. Bxe5 Rb7 34. Rd8 Qxd8 35. Rxd8 Be7 36. Bf6 Rxd8 37. Bxe7 Rd4 38. Qf6 Rdd7 39. Bf8 h5 40. Qg5 Rb8 41. Bg7 Rg8 42. f6 1-0

[Event "Mediterranean Flower (Women) 20th"]
[Site "Rijeka"]
[Date "2020.03.02"]
[Round "2"]
[White "Spiranec, Noemi"]
[Black "Eryshkanova, Anastasiya"]
[Result "0-1"]
[WhiteElo "2083"]
[BlackElo "2189"]
[PlyCount "114"]
[EventDate "2020.03.01"]
[EventType "tourn"]
[EventRounds "9"]
[EventCountry "CRO"]
[SourceTitle "CBM 195 Extra"]
[Source "ChessBase"]
[SourceDate "2020.05.31"]
[SourceVersion "1"]
[SourceVersionDate "2020.05.31"]
[SourceQuality "1"]

1. d4 Nf6 2. c4 e6 3. g3 d5 4. Bg2 dxc4 5. Nf3 a6 6. Ne5 Bb4+ 7. Nc3 Nd5 8. Bd2 Nb6 9. e3 N8d7 10. Nxd7 Qxd7 11. Ne4 Bxd2+ 12. Nxd2 0-0 13. Rc1 Qb5 14. Qc2 e5 15. dxe5 Qxe5 16. 0-0 c6 17. Rfe1 Be6 18. Bf1 Rad8 19. Nxc4 Nxc4 20. Bxc4 Bxc4 21. Qxc4 Qxb2 22. Rb1 Qd2 23. Re2 Qd7 24. Reb2 b5 25. Qc5 Rfe8 26. Qb6 h5 27. h4 Qc8 28. Rc1 Re6 29. Qc5 g6 30. a4 Qd7 31. Qb6 Rd6 32. Rbb1 Qf5 33. Qxa6 Rd2 34. Rf1 Rxf2 35. Qxc6 bxa4 36. Qxa4 Rdd2 37. Qc6 Kh7 38. Qa8 Rc2 39. Rbd1 Rb2 40. Rc1 Rbe2 41. Qc6 Ra2 42. Qb7 Kh6 43. Qh1 Rxf1+ 44. Rxf1 Qc2 45. Qh3 f5 46. g4 hxg4 47. Qg3 Qe4 48. Rf4 Qd3 49. Rf1 Qe4 50. Rf4 Ra1+ 51. Rf1 Rxf1+ 52. Kxf1 Qf3+ 53. Qxf3 gxf3 54. Kf2 Kh5 55. Kxf3 Kxh4 56. Kf4 g5+ 57. Kxf5 g4 0-1

[Event "CRO-chT (Women) 28th"]
[Site "Mali Losinj"]
[Date "2019.09.28"]
[Round "1.3"]
[White "Radikovic, Anamarija"]
[Black "Spiranec, Noemi"]
[Result "1/2-1/2"]
[WhiteElo "1929"]
[BlackElo "2084"]
[PlyCount "84"]
[EventDate "2019.09.28"]
[EventType "team-tourn"]
[EventRounds "9"]
[EventCountry "CRO"]
[SourceTitle "EXT 2020"]
[Source "ChessBase"]
[SourceDate "2019.10.17"]
[SourceVersion "1"]
[SourceVersionDate "2019.10.17"]
[SourceQuality "1"]
[WhiteTeam "Novo Virje Konaki (W)"]
[BlackTeam "Rijeka Liburnija (W)"]
[WhiteTeamCountry "CRO"]
[BlackTeamCountry "CRO"]

1. d4 Nf6 2. c4 e6 3. Nc3 Bb4 4. e3 0-0 5. Nge2 d5 6. cxd5 exd5 7. g3 c6 8. Bg2 Bf5 9. 0-0 Qd7 10. f3 Bh3 11. Bxh3 Qxh3 12. Nf4 Qd7 13. a3 Be7 14. b3 Na6 15. Ra2 Rad8 16. Rd2 Nc7 17. Kh1 Rfe8 18. Nd3 Bd6 19. Re2 b6 20. Bb2 c5 21. Nb1 cxd4 22. Bxd4 Qe7 23. a4 Bc5 24. Nc3 Ne6 25. Ne5 Rc8 26. Qd3 Bxd4 27. exd4 Qb4 28. Nb5 a6 29. Na7 Nxd4 30. Nxc8 Nxe2 31. Qxe2 Rxc8 32. Qxa6 Re8 33. f4 Qxb3 34. Qb7 d4 35. Rf3 Qd1+ 36. Kg2 Rf8 37. Rd3 Qxa4 38. Qxb6 Qc2+ 39. Kh3 Qc8+ 40. Kg2 Qc2+ 41. Kh3 Qc8+ 42. Kg2 Qc2+ 1/2-1/2

[Event "Modra Arisan (Women) IM"]
[Site "Modra"]
[Date "2019.09.16"]
[Round "3"]
[White "Sucikova, Svetlana"]
[Black "Spiranec, Noemi"]
[Result "1-0"]
[WhiteElo "2127"]
[BlackElo "2084"]
[PlyCount "139"]
[EventDate "2019.09.14"]
[EventType "tourn"]
[EventRounds "9"]
[EventCountry "SVK"]
[SourceTitle "EXT 2020"]
[Source "ChessBase"]
[SourceDate "2019.10.17"]
[SourceVersion "1"]
[SourceVersionDate "2019.10.17"]
[SourceQuality "1"]

1. c4 c5 2. Nc3 Nc6 3. g3 g6 4. Bg2 Bg7 5. Nf3 d6 6. 0-0 e6 7. e3 Nge7 8. d4 cxd4 9. exd4 0-0 10. Re1 d5 11. c5 Nf5 12. Ne2 b6 13. Bg5 Qd7 14. g4 Nfe7 15. Qd2 bxc5 16. dxc5 e5 17. h3 f5 18. gxf5 e4 19. Nfd4 Nxf5 20. Nxc6 Qxc6 21. Rad1 h6 22. Be3 Nxe3 23. Qxe3 Rb8 24. Rb1 Ba6 25. b3 Bd3 26. Rbd1 Rb4 27. Nf4 Bd4 28. Qg3 Bxf2+ 29. Qxf2 g5 30. Nxd3 Rxf2 31. Nxf2 Qxc5 32. Re2 h5 33. Kh1 Rd4 34. Rg1 Qe7 35. Bf3 g4 36. Bg2 g3 37. Nd1 h4 38. Ne3 Qg5 39. Rf1 Rd3 40. Nf5 e3 41. Rc2 Rd2 42. Rc8+ Kf7 43. Nxe3+ Rf2 44. Rxf2+ gxf2 45. Nf1 d4 46. Rc7+ Ke6 47. Rc6+ Kd7 48. Rc4 Qe5 49. b4 d3 50. Rc5 Qe2 51. Rd5+ Kc7 52. a4 Qd1 53. a5 Qb1 54. b5 Qb3 55. Kh2 Qc3 56. Kh1 Qxa5 57. Kh2 Qc3 58. Kh1 Kb6 59. Kh2 Ka5 60. Kh1 Kb4 61. Kh2 Kb3 62. Kh1 Kb2 63. Rd6 Qc4 64. Rd7 Kc1 65. Rxa7 Qxb5 66. Rc7+ Kb2 67. Rb7 Qxb7 68. Bxb7 Kc1 69. Kg2 d2 70. Bf3 1-0

[Event "Hum na Sutli op 13th"]
[Site "Hum na Sutli"]
[Date "2019.08.25"]
[Round "2"]
[White "Spiranec, Noemi"]
[Black "Fercec, Nenad"]
[Result "0-1"]
[WhiteElo "2063"]
[BlackElo "2439"]
[PlyCount "80"]
[EventDate "2019.08.24"]
[EventType "swiss"]
[EventRounds "9"]
[EventCountry "CRO"]
[SourceTitle "EXT 2020"]
[Source "ChessBase"]
[SourceDate "2019.10.17"]
[SourceVersion "1"]
[SourceVersionDate "2019.10.17"]
[SourceQuality "1"]

1. d4 Nf6 2. c4 e6 3. g3 d5 4. Bg2 dxc4 5. Nf3 Bb4+ 6. Bd2 Be7 7. Qa4+ Bd7 8. Qxc4 Bc6 9. 0-0 0-0 10. Bb4 Bd6 11. Bxd6 cxd6 12. Nbd2 Nbd7 13. Rac1 Qa5 14. b4 Qa4 15. Qb3 Qa6 16. Rfe1 Nb6 17. e4 Rac8 18. Bf1 Bb5 19. a3 Rxc1 20. Rxc1 Bxf1 21. Rxf1 Rc8 22. e5 dxe5 23. dxe5 Nfd5 24. Ne4 Nd7 25. b5 Qa5 26. Qb2 Qa4 27. Nd6 Rc2 28. Qd4 Qxd4 29. Nxd4 Rd2 30. Nf3 Rd3 31. Kg2 b6 32. Rc1 Nc5 33. Ng5 h6 34. Ngxf7 Rxa3 35. Rc4 Ra2 36. Kf3 Nd3 37. Rc8+ Kh7 38. Ne4 Kg6 39. Rf8 Kh5 40. h3 Ne1# 0-1

[Event "Mitropa Cup (Women)"]
[Site "Radenci"]
[Date "2019.05.28"]
[Round "2.4"]
[White "Spiranec, Noemi"]
[Black "Pellicoro, Nathalie"]
[Result "1-0"]
[WhiteElo "2009"]
[BlackElo "1893"]
[PlyCount "59"]
[EventDate "2019.05.27"]
[EventType "team-tourn"]
[EventRounds "9"]
[EventCountry "SLO"]
[SourceTitle "CBM 190 Extra"]
[Source "ChessBase"]
[SourceDate "2019.07.15"]
[SourceVersion "1"]
[SourceVersionDate "2019.07.15"]
[SourceQuality "1"]
[WhiteTeam "Croatia (W)"]
[BlackTeam "Switzerland (W)"]
[WhiteTeamCountry "CRO"]
[BlackTeamCountry "SUI"]

1. d4 Nf6 2. c4 g6 3. g3 Bg7 4. Bg2 0-0 5. Nc3 d6 6. Nf3 Nc6 7. 0-0 a6 8. Ne1 Rb8 9. Nc2 Na5 10. Qd3 c5 11. dxc5 Bf5 12. e4 Be6 13. Nd5 dxc5 14. Bf4 Rc8 15. Rad1 Ng4 16. Qe2 Bd7 17. Bh3 h5 18. f3 e6 19. fxg4 exd5 20. Rxd5 Nc6 21. Bd6 Nd4 22. Nxd4 Bxd4+ 23. Kh1 Re8 24. Qf3 Be6 25. gxh5 Bxd5 26. cxd5 Qxd6 27. Qxf7+ Kh8 28. Bxc8 Rxc8 29. hxg6 Bg7 30. Rf5 1-0